Największe Miasta w Republice Południowej Afryki - Statystyki

Ogólne statystyki
  • Ten quiz został rozwiązany 11 razy
  • Średni wynik to 6 z 10
Statystyki odpowiedzi
Stolica Populacja Miasto % Poprawnych
Nie 7.860.781 Johannesburg
100%
Tak 1.763.336 Pretoria
100%
Tak 3.430.992 Kapsztad
91%
Tak 464.591 Bloemfontein
73%
Nie 2.786.043 Durban
73%
Nie 876.436 Port Elizabeth
55%
Nie 605.504 Evaton
18%
Nie 475.238 Pietermaritzburg
18%
Nie 377.922 Vereeniging
18%
Nie 728.063 Soshanguve
9%
Nie znaleziono quizów pasujących do podanych kryteriów
Rozkład punktacji
Procent ludzi z każdym wynikiem
Percentyl według liczby udzielonych odpowiedzi
Twoja historia wyników
Nie rozwiązałeś tego quizu